[Event "24. Acropolis 2009"]
[Site "Chalkida GRE"]
[Date "2009.08.12"]
[Round "2.33"]
[White "Kordis, Konstantinos"]
[Black "Cherednichenko, Svetlana"]
[Result "0-1"]
[WhiteElo "2221"]
[BlackElo "2347"]
[PlyCount "74"]
[EventDate "2009.08.10"]
[EventType "swiss"]
[EventRounds "9"]
[EventCountry "GRE"]
[Source "lmi"]
[SourceDate "2009.08.10"]

1. e4 e5 2. Nf3 d6 3. d4 exd4 4. Nxd4 Be7 5. Nc3 Nf6 6. Bc4 O-O 7. Bb3 Nbd7 8.
O-O Nc5 9. Re1 Nxb3 10. axb3 h6 11. Qf3 Re8 12. Nf5 Bf8 13. Be3 a6 14. Bd4 Bxf5
15. Qxf5 Nh7 16. Nd5 c6 17. Nf4 Qg5 18. Qxg5 Nxg5 19. f3 Ne6 20. Be3 g6 21.
Rad1 Rad8 22. Ne2 Bg7 23. Bb6 Rd7 24. Nc3 Be5 25. g3 g5 26. Na4 Rde7 27. Rf1 c5
28. Nc3 Nd4 29. Rd2 Bg7 30. b4 Rc8 31. Nd5 Ree8 32. Kg2 Rc6 33. Ra1 g4 34. fxg4
Rxe4 35. Rf1 Re5 36. Rf5 Nxf5 37. gxf5 Rxd5 0-1

[Event "24. Acropolis 2009"]
[Site "Chalkida GRE"]
[Date "2009.08.12"]
[Round "2.34"]
[White "Sowray, Peter J"]
[Black "Zygouris, Hristos"]
[Result "0-1"]
[WhiteElo "2335"]
[BlackElo "2212"]
[PlyCount "114"]
[EventDate "2009.08.10"]
[EventType "swiss"]
[EventRounds "9"]
[EventCountry "GRE"]
[Source "lmi"]
[SourceDate "2009.08.10"]

1. c4 e5 2. Nc3 Nf6 3. Nf3 Nc6 4. g3 d5 5. cxd5 Nxd5 6. Bg2 Nb6 7. O-O Be7 8.
a3 g5 9. d3 g4 10. Nd2 h5 11. b4 a6 12. Nc4 Be6 13. Nxb6 cxb6 14. Bb2 h4 15. e3
hxg3 16. fxg3 Rh5 17. Rf2 Qd7 18. d4 exd4 19. exd4 Nxd4 20. Na4 Nf3+ 21. Bxf3
gxf3 22. Qxd7+ Bxd7 23. Nxb6 Rd8 24. Nxd7 Rxd7 25. Re1 Kf8 26. h4 Rd3 27. Rc2
Bd8 28. Kh2 Rf5 29. g4 Rfd5 30. Be5 f2 31. Rxf2 Rxe5 32. Ref1 f6 33. g5 Ree3
34. Rf5 Bc7+ 35. Kg2 Rg3+ 36. Kh1 Rh3+ 37. Kg2 Rh2+ 38. Kg1 Rxh4 39. Rxf6+ Ke7
40. Rf7+ Kd8 41. Rf8+ Kd7 42. R1f7+ Kc6 43. Rc8 Rd7 44. Rf6+ Kd5 45. g6 Rg4+
46. Kh1 Kc4 47. Rf1 Kb3 48. b5 axb5 49. Rc1 Be5 50. R8c5 Rxg6 51. Rxb5+ Kxa3
52. Ra5+ Kb4 53. Rb1+ Kxa5 54. Rb5+ Ka4 55. Rb4+ Ka3 56. Rb3+ Ka2 57. Ra3+ Kb1
0-1

[Event "24. Acropolis 2009"]
[Site "Chalkida GRE"]
[Date "2009.08.12"]
[Round "2.35"]
[White "Makka, Ioulia"]
[Black "Mamedjarova, Zeinab"]
[Result "0-1"]
[WhiteElo "2212"]
[BlackElo "2325"]
[PlyCount "70"]
[EventDate "2009.08.10"]
[EventType "swiss"]
[EventRounds "9"]
[EventCountry "GRE"]
[Source "lmi"]
[SourceDate "2009.08.10"]

1. e4 e5 2. Nf3 d6 3. d4 exd4 4. Nxd4 Nf6 5. Nc3 Be7 6. Be2 O-O 7. O-O Re8 8.
Re1 Nbd7 9. Bf1 Bf8 10. f3 c6 11. Kh1 Qb6 12. Nb3 Ne5 13. Bg5 Nfd7 14. Na4 Qc7
15. c4 Nb6 16. Nxb6 axb6 17. Nd4 Bd7 18. a4 Be7 19. Be3 Bh4 20. g3 Bf6 21. b3
Rad8 22. Rc1 Bc8 23. Bg2 Qb8 24. Qc2 d5 25. cxd5 cxd5 26. exd5 Rxd5 27. f4 Rc5
28. Qe4 Bd7 29. fxe5 Rcxe5 30. Qf3 Qd6 31. Nb5 Qb4 32. Qf2 Bg5 33. Bxg5 Rxe1+
34. Rxe1 Rxe1+ 35. Bf1 Bh3 0-1

[Event "24. Acropolis 2009"]
[Site "Chalkida GRE"]
[Date "2009.08.12"]
[Round "2.37"]
[White "Firat, Burak"]
[Black "Sanchez Castillo, Sarai"]
[Result "1-0"]
[WhiteElo "2310"]
[BlackElo "2202"]
[PlyCount "45"]
[EventDate "2009.08.10"]
[EventType "swiss"]
[EventRounds "9"]
[EventCountry "GRE"]
[Source "lmi"]
[SourceDate "2009.08.10"]

1. e4 e6 2. d4 d5 3. Nc3 Nf6 4. e5 Nfd7 5. f4 c5 6. Nf3 Nc6 7. Be3 f6 8. Bb5 a6
9. Bxc6 bxc6 10. exf6 Qxf6 11. O-O cxd4 12. Bxd4 Qxf4 13. Qe1 Nf6 14. Na4 Ne4
15. Nb6 Bb7 16. Nxa8 Bxa8 17. Ne5 Qd2 18. Qxd2 Nxd2 19. Rf7 c5 20. Bc3 Bd6 21.
Ra7 O-O 22. Nd7 Rd8 23. Ba5 1-0

[Event "24. Acropolis 2009"]
[Site "Chalkida GRE"]
[Date "2009.08.12"]
[Round "2.38"]
[White "Parginos, Vassilios"]
[Black "Botsari, Anna Maria"]
[Result "1-0"]
[WhiteElo "2196"]
[BlackElo "2298"]
[PlyCount "51"]
[EventDate "2009.08.10"]
[EventType "swiss"]
[EventRounds "9"]
[EventCountry "GRE"]
[Source "lmi"]
[SourceDate "2009.08.10"]

1. d4 Nf6 2. c4 e6 3. Nc3 Bb4 4. Bg5 h6 5. Bh4 c5 6. d5 b5 7. e3 bxc4 8. Bxc4
Bb7 9. Nge2 g5 10. Bg3 Nxd5 11. O-O Nb6 12. Bd3 c4 13. Bc2 d5 14. Nb5 Na6 15.
Ned4 Qe7 16. f4 Nd7 17. f5 e5 18. f6 Qc5 19. a3 Ba5 20. Nf5 Bc7 21. Ba4 Qb6 22.
b4 Rd8 23. Qh5 Bb8 24. Nxh6 Qe6 25. Qxg5 Bc6 26. Nf5 1-0

[Event "24. Acropolis 2009"]
[Site "Chalkida GRE"]
[Date "2009.08.12"]
[Round "2.40"]
[White "Pavlidou, Ekaterini"]
[Black "Fakhiridou, Ekaterini"]
[Result "0-1"]
[WhiteElo "2179"]
[BlackElo "2277"]
[PlyCount "80"]
[EventDate "2009.08.10"]
[EventType "swiss"]
[EventRounds "9"]
[EventCountry "GRE"]
[Source "lmi"]
[SourceDate "2009.08.10"]

1. d4 d5 2. c4 c6 3. Nf3 Nf6 4. Nc3 dxc4 5. a4 Bf5 6. e3 e6 7. Bxc4 Nbd7 8. O-O
Bb4 9. Qe2 O-O 10. e4 Bg6 11. e5 Nd5 12. Nxd5 cxd5 13. Bd3 Bh5 14. Qe3 Re8 15.
Ng5 Bg6 16. Bxg6 fxg6 17. Bd2 Bxd2 18. Qxd2 h6 19. Nf3 g5 20. h3 Rf8 21. Ra3
Nb6 22. b3 Nc8 23. a5 a6 24. b4 Na7 25. Ne1 Nb5 26. Rd3 Qe7 27. Nc2 Rac8 28.
Ne3 Rc6 29. g3 Rfc8 30. f4 gxf4 31. gxf4 Rc3 32. Rxc3 Rxc3 33. Rf3 Qxb4 34. f5
Nxd4 35. Rf1 Qc5 36. f6 Nf5 37. Rxf5 exf5 38. Qxd5+ Qxd5 39. Nxd5 Rc1+ 40. Kf2
gxf6 0-1

[Event "24. Acropolis 2009"]
[Site "Chalkida GRE"]
[Date "2009.08.12"]
[Round "2.41"]
[White "Gluckman, David"]
[Black "Galopoulos, Panagiotis"]
[Result "1/2-1/2"]
[WhiteElo "2275"]
[BlackElo "2161"]
[PlyCount "84"]
[EventDate "2009.08.10"]
[EventType "swiss"]
[EventRounds "9"]
[EventCountry "GRE"]
[Source "lmi"]
[SourceDate "2009.08.10"]

1. Nf3 Nf6 2. c4 e6 3. g3 d5 4. d4 c6 5. Qc2 Be7 6. Bg2 O-O 7. Nbd2 Nbd7 8. O-O
Qc7 9. e4 dxe4 10. Nxe4 Nxe4 11. Qxe4 c5 12. dxc5 Nxc5 13. Qc2 e5 14. Ng5 g6
15. Rd1 Bg4 16. Rd5 f6 17. Ne4 Be6 18. Rd1 Rac8 19. b3 Nxe4 20. Qxe4 b6 21. f4
Bc5+ 22. Kh1 Rcd8 23. Bb2 Bf5 24. Qf3 e4 25. Qe2 e3 26. a3 a5 27. b4 axb4 28.
axb4 Bxb4 29. Qxe3 Qxc4 30. Rxd8 Rxd8 31. Bxf6 Bc5 32. Qf3 Re8 33. g4 Be4 34.
Qf1 Bxg2+ 35. Qxg2 Qxf4 36. g5 Qe4 37. Qxe4 Rxe4 38. Ra8+ Kf7 39. Ra7+ Be7 40.
Rb7 Re1+ 41. Kg2 h6 42. h4 hxg5 1/2-1/2

[Event "24. Acropolis 2009"]
[Site "Chalkida GRE"]
[Date "2009.08.12"]
[Round "2.43"]
[White "Nikolaidis, Konstantinos"]
[Black "Iordanidou, Zoi"]
[Result "1-0"]
[WhiteElo "2270"]
[BlackElo "2114"]
[PlyCount "63"]
[EventDate "2009.08.10"]
[EventType "swiss"]
[EventRounds "9"]
[EventCountry "GRE"]
[Source "lmi"]
[SourceDate "2009.08.10"]

1. d4 Nf6 2. c4 c5 3. d5 b5 4. Nf3 Bb7 5. Nfd2 d6 6. e4 bxc4 7. Nc3 Nbd7 8.
Nxc4 g6 9. Be2 Bg7 10. O-O O-O 11. a4 a5 12. Ra3 Ba6 13. Ne3 Ne8 14. Bxa6 Rxa6
15. Qe2 Ra8 16. Bd2 e6 17. Rb1 exd5 18. Nexd5 Ne5 19. Nb5 f5 20. exf5 Rxf5 21.
Rh3 Nf6 22. Ndc7 Rc8 23. Ne6 Qb6 24. Nxg7 Kxg7 25. Rd1 Rd8 26. Bc3 Kg8 27. Qd2
Nc4 28. Qh6 Qb7 29. Qh4 Ne5 30. Bxe5 Rxe5 31. Qxf6 Rde8 32. Re3 1-0

[Event "24. Acropolis 2009"]
[Site "Chalkida GRE"]
[Date "2009.08.12"]
[Round "2.45"]
[White "Simeonidis, Ioannis"]
[Black "Ikonomopoulou, Maria"]
[Result "0-1"]
[WhiteElo "2266"]
[BlackElo "2052"]
[PlyCount "78"]
[EventDate "2009.08.10"]
[EventType "swiss"]
[EventRounds "9"]
[EventCountry "GRE"]
[Source "lmi"]
[SourceDate "2009.08.10"]

1. Nf3 Nf6 2. g3 d5 3. Bg2 c6 4. O-O Bg4 5. d3 Nbd7 6. c4 e6 7. Nc3 Bd6 8. Be3
Bxf3 9. exf3 O-O 10. f4 Re8 11. f5 d4 12. Bxd4 exf5 13. Be3 Ne5 14. c5 Bc7 15.
d4 Ng6 16. d5 cxd5 17. Nxd5 Nxd5 18. Qxd5 Qxd5 19. Bxd5 Rab8 20. Rad1 Nf8 21.
b4 Ne6 22. f4 b6 23. Rd3 bxc5 24. bxc5 h6 25. Rfd1 Rb2 26. Bb3 g5 27. Rd7 gxf4
28. Bc1 Rxb3 29. axb3 fxg3 30. hxg3 Bxg3 31. c6 Rc8 32. Rxa7 Rxc6 33. Ra8+ Kh7
34. Bb2 f4 35. Rd7 Ng5 36. Rh8+ Kg6 37. Ba3 Rc2 38. Rd6+ f6 39. Rf8 Nf3+ 0-1

[Event "24. Acropolis 2009"]
[Site "Chalkida GRE"]
[Date "2009.08.12"]
[Round "2.46"]
[White "Foisor, Mihaela Veronica"]
[Black "Khurtsilava, Inga"]
[Result "0-1"]
[WhiteElo "2123"]
[BlackElo "2261"]
[PlyCount "94"]
[EventDate "2009.08.10"]
[EventType "swiss"]
[EventRounds "9"]
[EventCountry "GRE"]
[Source "lmi"]
[SourceDate "2009.08.10"]

1. d4 Nf6 2. c4 e6 3. Nc3 d5 4. cxd5 exd5 5. Bg5 Be7 6. e3 O-O 7. Bd3 c6 8.
Nge2 Ne4 9. Bf4 f5 10. O-O Nd7 11. Qc2 g5 12. Bg3 Ndf6 13. f3 Nxg3 14. hxg3 Qd7
15. Kf2 Bd6 16. Rh1 Ne4+ 17. Bxe4 fxe4 18. Rh5 exf3 19. Rxg5+ Kh8 20. gxf3 Qh3
21. Rg1 Qh6 22. Re5 Bxe5 23. dxe5 Bf5 24. Qd1 Qg7 25. f4 Bg4 26. Kg2 Rae8 27.
Rh1 Re6 28. Rh4 Rg6 29. Qe1 Rg8 30. Qf2 Qe7 31. Rh1 R6g7 32. Nd4 c5 33. Nf3 d4
34. Ne4 d3 35. Nf6 Rf8 36. Ng5 Rxf6 37. exf6 Qxf6 38. Qd2 Rxg5 39. fxg5 Qf3+
40. Kh2 Qe2+ 41. Qxe2 Bxe2 42. g6 d2 43. gxh7 d1=Q 44. Rxd1 Bxd1 45. g4 Bxg4
46. Kg3 Be6 47. Kf4 Bxa2 0-1

[Event "24. Acropolis 2009"]
[Site "Chalkida GRE"]
[Date "2009.08.12"]
[Round "2.47"]
[White "Mamedjarova, Turkan"]
[Black "Rigopoulos-Tsigkos, Alexandros"]
[Result "1-0"]
[WhiteElo "2260"]
[BlackElo "2017"]
[PlyCount "89"]
[EventDate "2009.08.10"]
[EventType "swiss"]
[EventRounds "9"]
[EventCountry "GRE"]
[Source "lmi"]
[SourceDate "2009.08.10"]

1. d4 d5 2. Nf3 Nf6 3. Bf4 c5 4. e3 Nc6 5. c3 Qb6 6. Qb3 c4 7. Qc2 Bf5 8. Qc1
h6 9. h3 e6 10. Be2 Qd8 11. O-O Bd6 12. Bh2 O-O 13. Nbd2 b5 14. Ne5 Bxe5 15.
dxe5 Nd7 16. f4 Nc5 17. Nf3 Nd3 18. Qd2 Rb8 19. g4 Be4 20. b4 a5 21. a3 Ra8 22.
Bg3 Ra6 23. g5 Bxf3 24. Rxf3 hxg5 25. Bxd3 cxd3 26. Bf2 Qa8 27. Qxd3 axb4 28.
cxb4 Nxb4 29. Qb3 Nc6 30. Kh2 b4 31. a4 Na5 32. Qxb4 d4 33. Rg3 Rb8 34. Qe7 Rb2
35. Rf1 dxe3 36. Qxg5 g6 37. Rxe3 Nc6 38. f5 Nd4 39. fxg6 Nf3+ 40. Rxf3 Qxf3
41. Kg1 fxg6 42. Bc5 Qxf1+ 43. Kxf1 Rxa4 44. Qxg6+ Kh8 45. Qe8+ 1-0

[Event "24. Acropolis 2009"]
[Site "Chalkida GRE"]
[Date "2009.08.12"]
[Round "2.48"]
[White "Petraki, Maria"]
[Black "Ozturk, Kubra"]
[Result "1/2-1/2"]
[WhiteElo "2030"]
[BlackElo "2256"]
[PlyCount "76"]
[EventDate "2009.08.10"]
[EventType "swiss"]
[EventRounds "9"]
[EventCountry "GRE"]
[Source "lmi"]
[SourceDate "2009.08.10"]

1. e4 e5 2. Nf3 Nc6 3. Bc4 Nf6 4. d4 exd4 5. e5 Ng4 6. O-O d5 7. exd6 Bxd6 8.
Re1+ Kf8 9. Bb5 Bd7 10. h3 Nge5 11. Bxc6 Nxc6 12. Nxd4 Nxd4 13. Qxd4 Bxh3 14.
Qe4 Bd7 15. Qxb7 h5 16. Nc3 Qc8 17. Qd5 Be6 18. Qd4 Qd8 19. Bf4 Bxf4 20. Qxf4
Qd6 21. Qxd6+ cxd6 22. Rad1 Ke7 23. f4 g6 24. Nd5+ Kd7 25. Nf6+ Ke7 26. Nd5+
Kd7 27. Nf6+ Kc6 28. Rd3 Rhd8 29. Red1 Rab8 30. b3 Bf5 31. Rd4 a5 32. Rc4+ Kb7
33. Nd5 Rbc8 34. Rxc8 Rxc8 35. Ne3 Be6 36. c4 Kc6 37. Nd5 Rb8 38. Nc3 Rh8
1/2-1/2

[Event "24. Acropolis 2009"]
[Site "Chalkida GRE"]
[Date "2009.08.12"]
[Round "2.49"]
[White "Galopoulos, Nikolaos"]
[Black "Efthimiadis, Ilias"]
[Result "1/2-1/2"]
[WhiteElo "2255"]
[BlackElo "1988"]
[PlyCount "42"]
[EventDate "2009.08.10"]
[EventType "swiss"]
[EventRounds "9"]
[EventCountry "GRE"]
[Source "lmi"]
[SourceDate "2009.08.10"]

1. d4 d5 2. c4 e6 3. Nf3 c5 4. cxd5 exd5 5. Nc3 Nf6 6. Bg5 cxd4 7. Nxd4 Be7 8.
e3 O-O 9. Be2 Nc6 10. O-O Nxd4 11. Qxd4 Be6 12. Rac1 a6 13. Bf3 Qa5 14. Rfd1
Rac8 15. Qe5 h6 16. Bh4 Qb4 17. Bg3 Rfd8 18. Rc2 Rc4 19. Rd4 Bd6 20. Rxc4 dxc4
21. Qd4 Be7 1/2-1/2

[Event "24. Acropolis 2009"]
[Site "Chalkida GRE"]
[Date "2009.08.13"]
[Round "3.1"]
[White "Smirin, Ilia"]
[Black "Rozentalis, Eduardas"]
[Result "1/2-1/2"]
[WhiteElo "2650"]
[BlackElo "2588"]
[PlyCount "23"]
[EventDate "2009.08.10"]
[EventType "swiss"]
[EventRounds "9"]
[EventCountry "GRE"]
[Source "lmi"]
[SourceDate "2009.08.10"]

1. e4 Nf6 2. e5 Nd5 3. d4 d6 4. Nf3 dxe5 5. Nxe5 c6 6. Bd3 Nd7 7. Nf3 N7f6 8.
h3 c5 9. O-O e6 10. Bb5+ Bd7 11. Bxd7+ Qxd7 12. Ne5 1/2-1/2

[Event "24. Acropolis 2009"]
[Site "Chalkida GRE"]
[Date "2009.08.13"]
[Round "3.2"]
[White "Yakovich, Yuri"]
[Black "Predojevic, Borki"]
[Result "1/2-1/2"]
[WhiteElo "2576"]
[BlackElo "2644"]
[PlyCount "28"]
[EventDate "2009.08.10"]
[EventType "swiss"]
[EventRounds "9"]
[EventCountry "GRE"]
[Source "lmi"]
[SourceDate "2009.08.10"]

1. c4 e6 2. g3 d5 3. Bg2 Nf6 4. Nf3 Be7 5. O-O O-O 6. d4 dxc4 7. Qc2 a6 8. a4
Bd7 9. Qxc4 Bc6 10. Bg5 a5 11. Nc3 Na6 12. Bxf6 Bxf6 13. e4 Nb4 14. Rfd1 b6
1/2-1/2

[Event "24. Acropolis 2009"]
[Site "Chalkida GRE"]
[Date "2009.08.13"]
[Round "3.6"]
[White "Papaioannou, Ioannis"]
[Black "Can, Emre"]
[Result "1-0"]
[WhiteElo "2624"]
[BlackElo "2455"]
[PlyCount "65"]
[EventDate "2009.08.10"]
[EventType "swiss"]
[EventRounds "9"]
[EventCountry "GRE"]
[Source "lmi"]
[SourceDate "2009.08.10"]

1. d4 Nf6 2. c4 g6 3. Nc3 Bg7 4. e4 d6 5. f3 O-O 6. Be3 c5 7. Nge2 Nc6 8. d5
Ne5 9. Ng3 e6 10. Be2 exd5 11. cxd5 a6 12. Qd2 Re8 13. Bh6 Bh8 14. O-O b5 15.
h3 c4 16. Rae1 Bb7 17. Kh1 Rc8 18. a3 Qb6 19. Be3 Qc7 20. f4 Ned7 21. Bf3 h5
22. e5 dxe5 23. f5 e4 24. Ngxe4 Nxe4 25. Nxe4 Ne5 26. Bg5 Nxf3 27. Rxf3 Qd7 28.
fxg6 fxg6 29. Rf6 Rxe4 30. Rxe4 Qxd5 31. Rd4 Qe5 32. Rxg6+ Kf7 33. Rgd6 1-0

[Event "24. Acropolis 2009"]
[Site "Chalkida GRE"]
[Date "2009.08.13"]
[Round "3.7"]
[White "Danielian, Elina"]
[Black "Mamedov, Nidjat"]
[Result "1/2-1/2"]
[WhiteElo "2502"]
[BlackElo "2614"]
[PlyCount "26"]
[EventDate "2009.08.10"]
[EventType "swiss"]
[EventRounds "9"]
[EventCountry "GRE"]
[Source "lmi"]
[SourceDate "2009.08.10"]

1. d4 Nf6 2. Nf3 g6 3. c4 Bg7 4. Nc3 O-O 5. Bg5 d6 6. e3 Nbd7 7. Qc2 c6 8. Rd1
Qc7 9. Be2 b6 10. O-O Bb7 11. h3 Rfe8 12. Nd2 a6 13. a3 c5 1/2-1/2

[Event "24. Acropolis 2009"]
[Site "Chalkida GRE"]
[Date "2009.08.13"]
[Round "3.8"]
[White "Svetushkin, Dmitry"]
[Black "Harika, Dronavalli"]
[Result "0-1"]
[WhiteElo "2607"]
[BlackElo "2445"]
[PlyCount "77"]
[EventDate "2009.08.10"]
[EventType "swiss"]
[EventRounds "9"]
[EventCountry "GRE"]
[Source "lmi"]
[SourceDate "2009.08.10"]

1. d4 Nf6 2. c4 g6 3. Nc3 Bg7 4. e4 d6 5. Be2 O-O 6. Nf3 e5 7. O-O Nc6 8. d5
Ne7 9. b4 Nh5 10. Re1 f5 11. Nd2 Nf6 12. a4 c6 13. a5 fxe4 14. Ndxe4 Nxe4 15.
Nxe4 cxd5 16. cxd5 Bf5 17. Ng5 Bf6 18. Be3 Kh8 19. Ne6 Bxe6 20. dxe6 d5 21. Bb5
Qd6 22. Bd7 Qxb4 23. Qc1 d4 24. Bh6 Rfd8 25. Bg5 Nd5 26. a6 Rab8 27. Rb1 Qe7
28. Bxf6+ Nxf6 29. Qg5 bxa6 30. Rxb8 Rxb8 31. Qxe5 Rd8 32. Rd1 d3 33. Qd4 Qxe6
34. Bxe6 Rxd4 35. f3 d2 36. Kf2 Nd5 37. Bxd5 Rxd5 38. Ke3 Kg7 39. f4 0-1

[Event "24. Acropolis 2009"]
[Site "Chalkida GRE"]
[Date "2009.08.13"]
[Round "3.10"]
[White "Banikas, Hristos"]
[Black "Zawadzka, Jolanta"]
[Result "1-0"]
[WhiteElo "2598"]
[BlackElo "2387"]
[PlyCount "63"]
[EventDate "2009.08.10"]
[EventType "swiss"]
[EventRounds "9"]
[EventCountry "GRE"]
[Source "lmi"]
[SourceDate "2009.08.10"]

1. c4 e6 2. Nf3 d5 3. d4 c6 4. e3 Nf6 5. b3 Bb4+ 6. Nbd2 c5 7. dxc5 Nc6 8. Bb2
Bxc5 9. cxd5 exd5 10. Bd3 O-O 11. O-O h6 12. a3 Re8 13. b4 Bb6 14. b5 Na5 15.
Qa4 Bd7 16. Qb4 Qe7 17. Be5 Rac8 18. Rac1 Qxb4 19. axb4 Nc4 20. Nxc4 dxc4 21.
Rxc4 Nd5 22. Bd4 Rxc4 23. Bxc4 Bxd4 24. Nxd4 Nb6 25. Be2 Rc8 26. Ra1 Nd5 27. h3
Nxb4 28. Rxa7 Rc1+ 29. Kh2 Bc8 30. Bf3 Nd3 31. Ra8 Rc7 32. b6 1-0

[Event "24. Acropolis 2009"]
[Site "Chalkida GRE"]
[Date "2009.08.13"]
[Round "3.11"]
[White "Papadopoulos, Ioannis K"]
[Black "Kolev, Atanas"]
[Result "0-1"]
[WhiteElo "2450"]
[BlackElo "2569"]
[PlyCount "96"]
[EventDate "2009.08.10"]
[EventType "swiss"]
[EventRounds "9"]
[EventCountry "GRE"]
[Source "lmi"]
[SourceDate "2009.08.10"]

1. e4 c5 2. Nf3 d6 3. d4 cxd4 4. Nxd4 Nf6 5. Nc3 a6 6. Be3 e5 7. Nf3 Qc7 8. a4
Be7 9. a5 O-O 10. Be2 Nbd7 11. Nd2 Nc5 12. Nc4 Ncxe4 13. Nxe4 Nxe4 14. Nb6 Rb8
15. Nd5 Qd7 16. Ba7 Ra8 17. Nb6 Nxf2 18. Nxd7 Nxd1 19. Nxf8 Rxa7 20. Rxd1 Kxf8
21. Bc4 Bd8 22. O-O f6 23. Rxd6 Bxa5 24. c3 Ke7 25. Rd2 b5 26. Bg8 Bb6+ 27. Kh1
h6 28. Bh7 Be6 29. Re1 a5 30. Bc2 Rc7 31. h3 b4 32. cxb4 axb4 33. Be4 b3 34.
Rdd1 Bd4 35. Bd5 Bf2 36. Bxe6 Bxe1 37. Bxb3 Bf2 38. Bd5 Rc2 39. b3 f5 40. Bc4
e4 41. Rd5 Kf6 42. g4 g6 43. Rd6+ Ke5 44. Rxg6 f4 45. Re6+ Kd4 46. Rxh6 f3 47.
Rd6+ Ke3 48. g5 Bg3 0-1

[Event "24. Acropolis 2009"]
[Site "Chalkida GRE"]
[Date "2009.08.13"]
[Round "3.12"]
[White "Mastrovasilis, Dimitrios"]
[Black "Georgiadis, Ioannis"]
[Result "1-0"]
[WhiteElo "2567"]
[BlackElo "2438"]
[PlyCount "81"]
[EventDate "2009.08.10"]
[EventType "swiss"]
[EventRounds "9"]
[EventCountry "GRE"]
[Source "lmi"]
[SourceDate "2009.08.10"]

1. Nf3 Nf6 2. g3 d5 3. Bg2 c6 4. O-O Bg4 5. b3 Nbd7 6. Bb2 e6 7. d3 Be7 8. Nbd2
O-O 9. c4 a5 10. a3 h6 11. Qc2 b5 12. Rac1 bxc4 13. bxc4 Rb8 14. Rb1 Qc8 15.
Bc3 Bxa3 16. Rxb8 Qxb8 17. Bxa5 Bc5 18. Nb3 Bb4 19. Nfd4 Bxa5 20. Nxc6 Qc7 21.
Nbxa5 Ne5 22. Nxe5 Qxe5 23. e3 dxc4 24. Nxc4 Qh5 25. Ra1 Bf3 26. Ra5 Bd1 27.
Qc3 Qe2 28. Bf1 Qc2 29. Qxc2 Bxc2 30. Ne5 Nd5 31. Rc5 Bb3 32. e4 Ne7 33. Rc7 f6
34. Rxe7 fxe5 35. Bh3 Rf6 36. Kf1 Kf8 37. Rb7 Bc2 38. Ke2 g5 39. Rb5 h5 40. Rc5
Bb1 41. f3 1-0

[Event "24. Acropolis 2009"]
[Site "Chalkida GRE"]
[Date "2009.08.13"]
[Round "3.13"]
[White "Yilmaz, Mustafa Enes"]
[Black "David, Alberto"]
[Result "1/2-1/2"]
[WhiteElo "2432"]
[BlackElo "2565"]
[PlyCount "118"]
[EventDate "2009.08.10"]
[EventType "swiss"]
[EventRounds "9"]
[EventCountry "GRE"]
[Source "lmi"]
[SourceDate "2009.08.10"]

1. e4 c6 2. c4 d6 3. Nc3 g6 4. d4 Bg7 5. h3 Nf6 6. Nf3 O-O 7. Be2 Na6 8. O-O e5
9. Re1 exd4 10. Nxd4 Nc5 11. Bf3 Re8 12. Bf4 Be6 13. b3 Qa5 14. Qd2 Rad8 15.
Rad1 Bc8 16. Nc2 Ne6 17. Be3 Ng4 18. b4 Qe5 19. Bxg4 Qxc3 20. Qxc3 Bxc3 21. Rf1
b6 22. Rd3 Bf6 23. Ra3 Re7 24. Rd1 h5 25. Bf3 Rc7 26. Be2 d5 27. Rad3 dxe4 28.
Rxd8+ Bxd8 29. f3 exf3 30. Bxf3 Bg5 31. Bf2 Rd7 32. Rxd7 Bxd7 33. c5 bxc5 34.
bxc5 Be7 35. Nb4 Bxc5 36. Bxc5 Nxc5 37. Bxc6 Be6 38. Bd5 Bxd5 39. Nxd5 Kf8 40.
Kf2 Ke8 41. Ke3 Kd7 42. Kd4 Kd6 43. Nc3 Ne6+ 44. Kc4 Kc6 45. h4 Ng7 46. Nb5 Nf5
47. Nxa7+ Kb6 48. Nb5 Nxh4 49. Nd6 Nxg2 50. Nxf7 Nf4 51. Ng5 h4 52. Nf3 h3 53.
Kd4 g5 54. Ke3 Nd5+ 55. Kf2 g4 56. Nh2 Ne3 57. Kg3 Kc5 58. Nxg4 Nxg4 59. Kxh3
Kb4 1/2-1/2

[Event "24. Acropolis 2009"]
[Site "Chalkida GRE"]
[Date "2009.08.13"]
[Round "3.14"]
[White "Gupta, Abhijeet"]
[Black "Asik, Josip"]
[Result "1-0"]
[WhiteElo "2565"]
[BlackElo "2356"]
[PlyCount "131"]
[EventDate "2009.08.10"]
[EventType "swiss"]
[EventRounds "9"]
[EventCountry "GRE"]
[Source "lmi"]
[SourceDate "2009.08.10"]

1. d4 Nf6 2. c4 e6 3. Nf3 b6 4. g3 Bb7 5. Bg2 Be7 6. O-O O-O 7. Re1 Na6 8. Ne5
Bxg2 9. Kxg2 Qb8 10. e4 c5 11. Bf4 Bd6 12. Nc3 cxd4 13. Qxd4 Bc5 14. Qd2 Qb7
15. Rad1 Bb4 16. f3 d6 17. Nd3 Bxc3 18. Qxc3 e5 19. Bg5 Ne8 20. b4 Rc8 21. Qb3
f6 22. Be3 Rf7 23. a4 Kf8 24. Ra1 f5 25. Nf2 Qd7 26. Bd2 Nf6 27. Qd3 fxe4 28.
Nxe4 Nxe4 29. Rxe4 Nc7 30. Be3 Ne8 31. Rh4 h6 32. a5 bxa5 33. Rxa5 Qb7 34. Bd2
Kg8 35. Ra3 Rcc7 36. b5 Nf6 37. Be3 Qc8 38. Bf2 e4 39. fxe4 g5 40. Rxh6 Ng4 41.
Rxd6 Rxf2+ 42. Kg1 Kh7 43. e5+ Qf5 44. Qxf5+ Rxf5 45. e6 Nf6 46. Rc6 Rxc6 47.
bxc6 Kg6 48. e7 Rc5 49. Rf3 Kf7 50. Rxf6+ Kxe7 51. Rg6 a5 52. Kg2 a4 53. Rg7+
Kd6 54. c7 Rxc7 55. Rxg5 Ra7 56. Rd5+ Kc6 57. h4 a3 58. Rd1 Kc5 59. g4 a2 60.
Ra1 Ra3 61. h5 Kxc4 62. h6 Kd4 63. h7 Ra8 64. Kg3 Rh8 65. Rxa2 Rxh7 66. Re2 1-0

[Event "24. Acropolis 2009"]
[Site "Chalkida GRE"]
[Date "2009.08.13"]
[Round "3.15"]
[White "Muzychuk, Anna"]
[Black "Kotrotsos, Vasilios"]
[Result "1-0"]
[WhiteElo "2542"]
[BlackElo "2359"]
[PlyCount "89"]
[EventDate "2009.08.10"]
[EventType "swiss"]
[EventRounds "9"]
[EventCountry "GRE"]
[Source "lmi"]
[SourceDate "2009.08.10"]

1. e4 c5 2. Nc3 g6 3. Nf3 Bg7 4. d4 Qa5 5. dxc5 Bxc3+ 6. bxc3 Qxc5 7. Qd4 Qxd4
8. cxd4 d6 9. Rb1 b6 10. Bd3 Ba6 11. O-O Nf6 12. Bh6 Ng4 13. Bg5 h6 14. Bd2 Kd7
15. a4 Bxd3 16. cxd3 Na6 17. a5 Rab8 18. axb6 axb6 19. Rb2 Nf6 20. Ra1 Nc7 21.
d5 e5 22. dxe6+ fxe6 23. Rab1 b5 24. Nd4 Rb7 25. Ba5 e5 26. Ne2 Rhb8 27. f3 Ne6
28. Kf2 d5 29. d4 exd4 30. e5 d3 31. Nc1 Nh5 32. Bd2 g5 33. Nxd3 Nhf4 34. Bxf4
gxf4 35. Rb4 d4 36. Nxf4 Nxf4 37. Rxd4+ Ke6 38. Rxf4 Kxe5 39. Rh4 b4 40. Rxh6
Kd4 41. Rc6 b3 42. Rd1+ Ke5 43. Ke3 Rb6 44. f4+ Kf5 45. Rd5+ 1-0

[Event "24. Acropolis 2009"]
[Site "Chalkida GRE"]
[Date "2009.08.13"]
[Round "3.16"]
[White "Tukhaev, Adam"]
[Black "Kaforos, Dimitrios Alkis"]
[Result "1-0"]
[WhiteElo "2534"]
[BlackElo "2203"]
[PlyCount "65"]
[EventDate "2009.08.10"]
[EventType "swiss"]
[EventRounds "9"]
[EventCountry "GRE"]
[Source "lmi"]
[SourceDate "2009.08.10"]

1. e4 c6 2. d4 d5 3. Nc3 dxe4 4. Nxe4 Bf5 5. Nc5 b6 6. Nb3 e6 7. Nf3 Nd7 8. g3
Bd6 9. Bg2 Ne7 10. O-O h6 11. Qe2 Qc7 12. Re1 O-O 13. Ne5 Nd5 14. a3 Rac8 15.
c4 Ne7 16. Bf4 Ng6 17. Nxg6 Bxg6 18. Bxd6 Qxd6 19. Rac1 Nf6 20. Qe5 Rfd8 21.
Qxd6 Rxd6 22. c5 bxc5 23. dxc5 Rd3 24. Na5 Rd2 25. Nxc6 Rc7 26. b4 Ng4 27. Ne5
Nxf2 28. Nxg6 fxg6 29. Rxe6 Nd3 30. Rf1 Rc8 31. Rd6 Re8 32. Bd5+ Kh7 33. Bf7
1-0